| 000 | 00591nam a2200193 a 4500 | ||
|---|---|---|---|
| 001 | 2687 | ||
| 003 | CDMR | ||
| 005 | 20131119113429.0 | ||
| 008 | 130130s1970||||||||||||||||||||||||||||d | ||
| 040 |
_aCDMR _bcat _cCDMR |
||
| 100 | 1 |
_aBarou, Jean-Pierre _92016 |
|
| 245 | 1 | 0 |
_aLuttes actuelles _b: de la liberté de la presse à la presse de la liberté _cJean-Pierre Barou |
| 260 |
_aBruxelles _c1970 _bLa Taupe |
||
| 300 | _a122 p. | ||
| 650 | 0 | 4 |
_91582 _aLlibertat d'impremta |
| 650 | 0 | 4 |
_92305 _aComunicació _xAspectes polítics |
| 650 | 0 | 4 |
_94130 _aPremsa i política _zFrança |
| 942 |
_cMON _2udc |
||
| 999 |
_c2687 _d2687 |
||